| 000 | 00000nam##2200000za#4500 |
| 001 | 9.572869 |
| 003 | CaOODSP |
| 005 | 20210927150257 |
| 007 | cr ||||||||||| |
| 008 | 150406|2000||||xxc|||||o f|0| 0 eng|d |
| 040 | |aCaOODSP|beng |
| 043 | |an-cn--- |
| 086 | 1 |aR34-6/1-1997E-PDF |
| 110 | 1 |aCanada. |bIndian and Northern Affairs Canada. |
| 245 | 10|aNunavut, Canada's third territory "North of 60" |h[electronic resource] |
| 260 | |aOttawa - Ontario : |bIndian and Northern Affairs |c2000. |
| 300 | |a4p.|bfig., illus., maps |
| 490 | 1 |aInformation |
| 500 | |a"Activities for grade 5-6 on Nunavut"--p.2 of 4. |
| 590 | |a12-09-Supp|b2012-03-21 |
| 690 | 07|aInuit|2gcpds |
| 690 | 07|aTerritories|2gcpds |
| 775 | 08|tLe Nunavut, troisième territoire du Canada au nord du 60e parallèle |w(CaOODSP)9.603119 |
| 776 | 0#|tNunavut: Canada's third territory "North of 60" |w(CaOODSP)9.614243 |
| 830 | #0|aInformation.|w(CaOODSP)9.504486 |
| 856 | 40|ahttp://publications.gc.ca|qPDF|s202 KB|uhttps://publications.gc.ca/collections/Collection/R34-6-1-1997E.pdf |
| 986 | |aQS-6120-001-EE-A3 |